Les comédiens de doublage d'Astérix et Obélix le Combat des chefs - Statistiques

Statistiques générales
  • Ce quiz a été pris 67 fois
  • Le résultat moyen est 6 sur 15
Statistiques - réponses
Par images Hint Réponse % Correct
Astérix Alain Chabat
100%
Obélix Gilles Lellouche
82%
César Laurent Lafitte
55%
Panoramix Thierry Lhermitte
54%
Bonemine Géraldine Nakache
50%
Potus Jean-Pascal Zadi
50%
Abraracourcix Grégoire Ludig
45%
Blackangus Jérôme Commandeur
39%
Ordralfabétix Alexandre Astier
38%
Toutétobofix Gérard Darmon
34%
Métadata Anaïs Demoustier
27%
Fastanefurius Fred Testot
25%
Annarbarbera Stéfi Celma
21%
Aplusbégalix Grégory Gadebois
16%
Apothika Jeanne Balibar
5%
Aucun quiz correspondant
Distribution des résultats
% des personnes avec chaque résultat
Percentile par nombre de réponses
Votre historique - résultats
Vous n’avez pas pris ce quiz